000 00207nam a22000857a 4500
008 240220b |||||||| |||| 00| 0 eng d
082 _aA
_bBOTB
245 _aMis primeras habilidades:
_b¡Botones!
942 _2ddc
999 _c30653
_d17037